Online
Catalog

América : (Record no. 26189)

MARC details
000 -CABECERA
campo de control de longitud fija 02832nam a2200325 i 4500
001 - NÚMERO DE CONTROL
campo de control 000026697
003 - IDENTIFICADOR DEL NÚMERO DE CONTROL
campo de control DO-SdBNP
005 - FECHA Y HORA DE LA ÚLTIMA TRANSACCIÓN
campo de control 20240705073646.0
007 - CAMPO FIJO DE DESCRIPCIÓN FÍSICA--INFORMACIÓN GENERAL
campo de control de longitud fija ta
008 - DATOS DE LONGITUD FIJA--INFORMACIÓN GENERAL
campo de control de longitud fija 110324s1988 dr r 000 0 spa d
040 ## - FUENTE DE LA CATALOGACIÓN
Centro catalogador/agencia de origen DO-SdBNP
Lengua de catalogación spa
Centro/agencia transcriptor BNPHU
Normas de descripción rda
082 #4 - NÚMERO DE LA CLASIFICACIÓN DECIMAL DEWEY
Número de clasificación 980.031
Número de documento/Ítem H831a
Número de edición 22
100 1# - ENTRADA PRINCIPAL--NOMBRE DE PERSONA
Nombre de persona Hostos, Eugenio María de,
Fechas asociadas al nombre 1839-1903
Término indicativo de función/relación autor
9 (RLIN) 1352
245 10 - MENCIÓN DE TÍTULO
Título América :
Resto del título la lucha por la libertad /
Mención de responsabilidad, etc. Eugenio María de Hostos ; estudio preliminar, Manuel Maldonado-Denis.
250 ## - MENCIÓN DE EDICIÓN
Mención de edición Ed. especial
264 ## - PRODUCCIÓN, PUBLICACIÓN, DISTRIBUCIÓN, FABRICACIÓN Y COPYRIGHT
Producción, publicación, distribución, fabricación y copyright San Juan, Puerto Rico :
Nombre del de productor, editor, distribuidor, fabricante compromiso,
Fecha de producción, publicación, distribución, fabricación o copyright 1988.
300 ## - DESCRIPCIÓN FÍSICA
Extensión 336 páginas ;
Dimensiones 23 cm.
336 ## - TIPO DE CONTENIDO
Fuente rdacontent
Término de tipo de contenido texto
Código de tipo de contenido txt
337 ## - TIPO DE MEDIO
Fuente rdamedia
Nombre/término del tipo de medio sin mediación
Código del tipo de medio n
338 ## - TIPO DE SOPORTE
Fuente rdacarrier
Nombre/término del tipo de soporte volumen
Código del tipo de soporte nc
500 ## - NOTA GENERAL
Nota general "Edición especial del sesquincentenario de Eugenio María de Hostos".
500 ## - NOTA GENERAL
Nota general "Cronología de Hostos": p. 331-332.
504 ## - NOTA DE BIBLIOGRAFÍA, ETC.
Nota de bibliografía, etc. Bibliografía : p. 333-336.
505 0# - NOTA DE CONTENIDO CON FORMATO
Nota de contenido con formato Prólogo --
Título Introducción al pensamiento social de Eugenio María de Hostos /
Mención de responsabilidad Manuel Maldonado-Denis --
Título Una vida ejemplar --
-- Hostos, sociólogo y maestro --
-- Hostos, revolucionario antillano --
Información miscelánea Héroes de la libertad --
Título En la tumba de Segundo Ruíz Belvis --
-- Recuerdos de Betances --
-- Lo que intentó Bolívar --
-- Luperón --
-- Retrato de Francisco V. Aguilera --
-- Quién era Maceo --
-- Máximo Gómez y la revolución de Cuba --
-- La noticia de la muerte de Maceo --
-- El soldado de la libertad --
Información miscelánea Cuba y la lucha por la libertad en Las Antillas --
Título Páginas del diario --
-- 10 de octubre --
-- La última hecatombe --
-- El problema de Cuba --
Información miscelánea Las Antillas y el futuro de América Latina --
Título Ayacucho --
-- Carta al director de El Universal de Madrid --
-- Intervención en el Ateneo de Madrid --
-- Páginas del diario --
-- Carta al redactor de El Argentino --
-- Carta al presidente del Perú --
-- La América Latina --
Información miscelánea La lucha por la presidencia de Puerto Rico --
Título Carta al director del Diario Cubano --
-- Carta a Emeterio Betances --
-- Carta a Frascisco Sellén --
-- Carta a Francisco de Arredondo y Miranda --
-- Carta a Ramón Vélez López --
-- Carta al presidente Horacio Vásquez --
-- Carta al director de La Correspondencia de Puertp Rico --
-- Cartas al doctor Manuel Guzmán Rodríguez --
-- Programa de los independientes --
-- A los puertorriqueños --
-- La liga de patriotas --
-- Lo que es la liga de patriotas --
-- Carta al general Gregorio Luperón --
Información miscelánea Literatura y Política --
Título Prólogo a la primera edición de La peregrinación de Bayón --
-- Prólogo a la segunda edición de La peregrinación de Bayón --
-- Plácido --
Información miscelánea Cronología de Hostos --
-- Bibliografía escogida.
590 ## - NOTA LOCAL (RLIN)
Nota local Inventariado, 2019/BT
650 #4 - PUNTO DE ACCESO ADICIONAL DE MATERIA--TÉRMINO DE MATERIA
Término de materia o nombre geográfico como elemento de entrada América latina
Subdivisión general Historia
Subdivisión cronológica 1825-1900
9 (RLIN) 53808
700 1# - PUNTO DE ACCESO ADICIONAL--NOMBRE DE PERSONA
Nombre de persona Maldonado-Denis, Manuel,
9 (RLIN) 8036
Término indicativo de función/relación estudio preliminar
910 ## - DATOS DE OPCIÓN DEL USUARIO (OCLC)
Datos de opción del usuario Validado. Control de calidad. MMOLINA
942 ## - ELEMENTOS DE PUNTO DE ACCESO ADICIONAL (KOHA)
Fuente del sistema de clasificación o colocación Dewey Decimal Classification
Tipo de ítem Koha Libro
Holdings
Estado de retiro Estado de pérdida Fuente del sistema de clasificación o colocación Restricciones de uso No para préstamo Código de colección Localización permanente Ubicación/localización actual Ubicación en estantería Fecha de adquisición Fuente de adquisición Total de préstamos Signatura topográfica completa Código de barras Fecha visto por última vez Precio válido a partir de Tipo de ítem Koha Nota pública Número de copia
    Dewey Decimal Classification Excluido de préstamo   Patrimonio Dominicano Biblioteca Nacional Pedro Henríquez Ureña Biblioteca Nacional Pedro Henríquez Ureña Depósito 24.03.2011 Donación   BNPHU PD 980.031 H831a 26697-10 25.06.2020 25.06.2020 Libro Perteneció a la biblioteca personal de Germán Emilio Ornes.  
    Dewey Decimal Classification Excluido de préstamo   Patrimonio Dominicano Biblioteca Nacional Pedro Henríquez Ureña Biblioteca Nacional Pedro Henríquez Ureña Depósito 22.11.2018     BNPHU PD 980.031 H831a 26697-20 25.06.2020 25.06.2020 Libro   e.2
    Dewey Decimal Classification Préstamo en sala   Dominicana de Servicio Biblioteca Nacional Pedro Henríquez Ureña Biblioteca Nacional Pedro Henríquez Ureña Depósito 26.01.2024 Donado por el Colegio Nuestra Señora de Lourdes   BNPHU DS 980.031 H831a 2024-0466 26.01.2024 26.01.2024 Libro   e.3

Powered by Koha